Регионална библиотека "Любен Каравелов" - Русе

Пекарна Захар и канела : Нови приятели : Кн. 1 (Запис номер 323582)

MARC детайли
000 -Лидер
Контролно поле с фиксирана дължина 01572aaa a2200361 a 4500
003 - Код на организацията, давaща контролен номер
Контролно поле BLK
005 - Дата и час на последна редакция
Контролно поле 20250704174552.0
008 - Елементи от данни с фиксирана дължина
fixed length control field 180802b bul||||| |||| 00| 0 bul d
020 ## - Международен стандартен номер на книга ISBN
Международен стандартен номер на книга ISBN 9786191993376
Поясняваща информация 3800083823391
040 ## - Източник на каталожния запис
Идентификатор на билиотеката - собственик на записа BLK
041 ## - Код за език
Код за езика на текст/звукозапис или на отделно заглавие Български
Код за езика КДБФ Български
072 ## - Код за тематичната категория
9 (RLIN) 178281
Код за тематична категория Н85
Текст Детска художествена литература Н
080 ## - УДК
Текстов определител УДК Английска литература
УДК код - определител по УДК 821.111
УДК - код + определител 821.111-93-31
100 ## - Редна дума - Автор
Автор Чапмън, Линда
R(LIN) 391518
Авторска отговорност първи автор
139 ## - Редно поле
Редна дума Чапмън, Линда
Авторски знак Чап - Ч 28
245 ## - Сведения за заглавието
Заглавие Пекарна Захар и канела : Нови приятели : Кн. 1
Редно поле (дума) Линда Чапман ; прев. Екатерина Митренцева ; ил. Кейт Хиндли
260 ## - Област на издателските данни
Име на издателя, разпространителя и проч. Фют
Година на издаване 2018
Място на издаване, разпространение и проч. София
Печатница Мултипринт ЕООД
300 ## - Физическа характеристика
Страници 171 с.
Размери/Мащаб 20 см
Илюстрации и др. с ил.
380 ## - Жанр
Жанр Детска худож. лит.
490 ## - СЕРИИ (Колекции)
9 (RLIN) 389524
Име на серия Пекарна "Захар и канела"
№: серия № 1
500 ## - Общи забележки
Забележка Ориг. загл.: Best friends' bakery: sugar & spice / Linda Chapman<br/>Кн. 1 от поредицата Пекарна "Захар & канела"
659 #7 - Тематичен бюлетин
9 (RLIN) 178160
Тематичен бюлетин Н
Тематичен бюлетин - текст Нови книги
700 ## - Други автори (авторска отговорност)
Лично име Митренцева, Екатерина Христева
9 (RLIN) 270859
700 ## - Други автори (авторска отговорност)
9 (RLIN) 599
Лично име Хиндли, Кейт
Автороска отговорност (Описва отношението между автора и произведението) ил.
852 ## - Местоположение
Систематично-азбучна сигнатура ДХ 820/899/Ч 28
Форматна сигнатура Цб 292315
856 ## - Електронен адрес и достъп
Инструкция (цена за достъп) 0.00
Права за достъп disable
999 ## - СИСТЕМНИ КОНТРОЛНИ НОМЕРА
Koha biblionumber 323582
Koha biblioitemnumber 323582
942 ## - АРТИКУЛИ
Вид на библиотечния материал Книги
Източник на класификационната схема Universal Decimal Classification
Скрит в OPAC Не
Koha issues (borrowed), all copies 47
Периодичен библиозапис Да
944 ## - СЪЗДАВАНЕ И РЕДАКЦИЯ на ЗАПИСА
Създаване/Редакция Редакция
Дата на регистрацията/редакция 2018-12-11
Служител, извършил регистрацията/редакцията 30537
Статус, дата на статуса Грета Цуфелде
999 ## - СИСТЕМНИ КОНТРОЛНИ НОМЕРА
Koha biblioitemnumber 323582
999 ## - СИСТЕМНИ КОНТРОЛНИ НОМЕРА
Koha biblioitemnumber 323582
999 ## - СИСТЕМНИ КОНТРОЛНИ НОМЕРА
Koha biblioitemnumber 323582
999 ## - СИСТЕМНИ КОНТРОЛНИ НОМЕРА
Koha biblioitemnumber 323582
Наличности
Код за отписване Код за изгубен артикул Източник на класификационната схема Код за повреда Коз за рестрикции Код за отдаване Артикулен № Име на библиотеката - собственик Име на библиотеката, в която се намира в момента Статус (Текущо местоположение) Дата на вписване в системата Местоположение - отдел Цена в лева Инвентарен номер Систематично азбучна сигнатура Баркод Цена в евро Служебен тип на артикула
  Не е изгубен Universal Decimal Classification Не е повреден без рестрикции заемане за дома 678784 Регионална библиотека "Любен Каравелов" Русе Регионална библиотека "Любен Каравелов" Русе Детски отдел 2018-08-02 Детски отдел 7.12 120000822120 ДХ 820/899/Ч 28 120000822120 3.64 Книги
  Не е изгубен Universal Decimal Classification Не е повреден без рестрикции ползва се в читалня 686577 Регионална библиотека "Любен Каравелов" Русе Регионална библиотека "Любен Каравелов" Русе Хранилище 2018-12-13 Хранилище 8.90   Цб 292315 120000827346 4.55 Книги
  Не е изгубен Universal Decimal Classification Не е повреден   заемане за дома 687754 Регионална библиотека "Любен Каравелов" Русе Регионална библиотека "Любен Каравелов" Русе Детски отдел 2018-12-27 Детски отдел 8.90   ДХ 820/899/Ч 28 120000828730 4.55 Книги
Vip Innovations Ltd, Rousse, Bulgaria 2025